000
00231nam a2200097Ia 4500
005
20251222114405.0
008
251222s1900||||xx |||||||||||||| ||spa||
082
_a
DVD0070/C96/1964
245
0
_a
Mi bella dama:My Fair Lady
942
_c
DVD
999
_c
1796
_d
1796